Normal view
MARC view
Entry Término temático
001 - NÚMERO DE CONTROL
- campo de control: 165164
003 - IDENTIFICADOR DEL NÚMERO DE CONTROL
- campo de control: OSt
005 - FECHA Y HORA DE LA ÚLTIMA TRANSACCIÓN
- campo de control: 20220127160900.0
008 - DATOS DE LONGITUD FIJA
- campo de control de longitud fija: 220127|| aca||aabn | a|a d
040 ## - FUENTE DE LA CATALOGACIÓN
- Centro catalogador/agencia de origen: OSt
- Centro/agencia transcriptor: OSt
150 ## - ENCABEZAMIENTO--TÉRMINO DE MATERIA
- Término de materia o nombre geográfico como elemento de entrada: Parasitología
- Subdivisión general: estudio y enseñanza / Universidades
- Subdivisión general: investigación
670 ## - FUENTE DE DATOS ENCONTRADOS
- Cita de la fuente: Work cat.: (OSt)200291: Universidad Autónoma Chapingo. Departamento de Parasitología Agrícola 165151, Informe global de actividades relevantes desarrolladas durante el período del 15 marzo de 1981 al 15 de marzo de 1984 /
